Historia y Ciencias Sociales 3º Medio: texto para el estudiante
Na minha lista:
| Main Authors: | , , |
|---|---|
| Outros Autores: | |
| Formato: | Livro |
| Idioma: | espanhol |
| Publicado em: |
Santiago
Mare Nostrum
2009
|
| Edição: | 2a. ed |
| Assuntos: | |
| Tags: |
Adicionar Tag
Sem tags, seja o primeiro a adicionar uma tag!
|
MARC
| LEADER | 00000cam a2200000 a 4500 | ||
|---|---|---|---|
| 001 | UCG0082 | ||
| 003 | CL-VaPUC | ||
| 008 | 100312e20090000CL |||||||||||||||||spa|d | ||
| 020 | |a 9789562942485 | ||
| 082 | 0 | 4 | |a 900.712 |b ALM |2 21 |
| 100 | 0 | |a Almeyda Hidalgo, Liliam |e author |9 547451 | |
| 700 | 0 | |a Cot Gómez, María José |e author |9 547452 | |
| 700 | 0 | |a Gazmuri Stein, Susana |e author |9 547453 | |
| 700 | |a Milos Hurtado, Pedro |e autor |9 588895 | ||
| 245 | 1 | 0 | |a Historia y Ciencias Sociales 3º Medio: texto para el estudiante |
| 250 | |a 2a. ed | ||
| 300 | |a 352 p | ||
| 942 | |c BK | ||
| 945 | |d 20100312 00:00:00 |a rbrito | ||
| 260 | |a Santiago |b Mare Nostrum |c 2009 | ||
| 650 | 0 | |a Enseñanza de la historia |9 307330 | |
| 650 | 0 | |a Enseñanza de las ciencias sociales |9 337823 | |
| 650 | 0 | |a Métodos de estudio |9 260518 | |
| 650 | 0 | |a Libros de texto |9 270019 | |
| 583 | |a last modification |c 20180316 09:58:26 |k Rodrigo Vera | ||
| 999 | |c 339833 |d 339831 | ||
| 952 | |0 0 |1 0 |4 0 |6 900_712000000000000_ALM_2009 |7 0 |8 A |9 434039 |a BIBEDU |b BIBEDU |d 2019-11-22 |i 4638638 |o 900.712 ALM 2009 |p 4638638 |r 2019-11-22 |w 2019-11-22 |y BK |k EPE | ||
| 952 | |0 0 |1 0 |4 0 |6 900_712000000000000_ALM_2009 |7 0 |8 A |9 434040 |a BIBEDU |b BIBEDU |d 2019-11-22 |i 4638646 |o 900.712 ALM 2009 |p 4638646 |r 2019-11-22 |w 2019-11-22 |y BK |k EPE | ||
| 952 | |0 0 |1 0 |4 0 |6 900_712000000000000_ALM_2009 |7 0 |8 A |9 434041 |a BIBEDU |b BIBEDU |d 2019-11-22 |i 4638654 |o 900.712 ALM 2009 |p 4638654 |r 2019-11-22 |w 2019-11-22 |y BK |k EPE | ||
| 952 | |0 0 |1 0 |3 erb |4 0 |6 900_712000000000000_ALM_2009 |7 0 |8 A |9 434042 |a BIBHIS |b BIBHIS |i 5456282 |o 900.712 ALM 2009 |p 5456282 |r 2025-01-20 |w 2019-11-22 |y BK |z Catalogado en:20180316 |k HIS | ||